|
|
|
|
| LEADER |
00000nam a2200000 a 4500 |
| 001 |
UCV9886 |
| 003 |
CL-VaPUC |
| 008 |
930713e19890000SP |||||||||||||||||spa|d |
| 082 |
0 |
4 |
|a 940.1
|b FUM
|2 21
|
| 100 |
0 |
|
|a Fumagalli, Vito
|e author
|9 303880
|
| 245 |
1 |
4 |
|a Las piedras vivas: ciudad y naturaleza en la Edad Media
|
| 300 |
|
|
|a 149 p
|
| 942 |
|
|
|c BK
|
| 945 |
|
|
|d 19930713 00:00:00
|
| 260 |
|
|
|a Madrid
|b Nerea
|c 1989
|
| 650 |
|
0 |
|a Civilización medieval
|9 265320
|
| 583 |
|
|
|a last modification
|c 19930713 00:00:00
|k Rodrigo Vera
|
| 999 |
|
|
|c 215159
|d 215157
|
| 952 |
|
|
|0 0
|1 0
|4 0
|6 940_100000000000000_FUM_1989
|7 0
|8 A
|9 199170
|a BIBHIS
|b BIBHIS
|d 2019-11-14
|i 2664909
|o 940.1 FUM 1989
|p 2664909
|r 2025-01-20
|w 2019-11-14
|y BK
|k HIS
|
| 952 |
|
|
|0 0
|1 0
|4 0
|6 940_100000000000000_FUM_1989
|7 0
|8 P
|9 199171
|a BIBARQ
|b BIBARQ
|d 2019-11-14
|i 2664917
|o 940.1 FUM 1989
|p 2664917
|r 2025-01-20
|w 2019-11-14
|y BK
|k ARQ
|